| 000 | 00433nam a2200157Ia 4500 | ||
|---|---|---|---|
| 005 | 20250311042557.0 | ||
| 008 | 240331s9999 xx 000 0 und d | ||
| 082 |
_bPAR _a894 |
||
| 245 | 0 | _aParathiyar eluththukkal sila puthiya kandupiddippukal | |
| 260 |
_aChennai _bPoonkody Publication _c1989 |
||
| 300 | _a120 p ., | ||
| 650 | _aSakaravarthani letters | ||
| 650 | _aBharathiyer essays | ||
| 700 |
_aManie, P.S. _eedt |
||
| 942 | _cL | ||
| 999 |
_c4098 _d4098 |
||